|
|
|
|
| LEADER |
00000nam a2200000Ii 4500 |
| 001 |
DIGCOLMX0251 |
| 003 |
NyNyDIG |
| 007 |
cr ||||||||||| |
| 008 |
220125s2014 mx ab ob 000 0 spa d |
| 006 |
m o d |
| 035 |
|
|
|a (OCoLC)911180290
|
| 040 |
|
|
|a DGITA
|b eng
|e rda
|e pn
|c DGITA
|
| 020 |
|
|
|a 9786074627589
|q eBook
|
| 020 |
|
|
|z 9786074626612
|
| 043 |
|
|
|a f------
|a f-tz---
|a e-gx---
|
| 050 |
1 |
4 |
|a DT447 ebook
|
| 082 |
1 |
4 |
|a 967.8202
|
| 100 |
1 |
|
|a Saavedra Casco, José Arturo,
|e author.
|
| 245 |
1 |
3 |
|a La rebelión Maji Maji :
|b un análisis historiográfico /
|c José Arturo Saavedra Casco.
|
| 250 |
|
|
|a Primera edición electrónica.
|
| 264 |
|
1 |
|a México, D.F. :
|b El Colegio de México,
|c 2014.
|
| 300 |
|
|
|a 1 online resource :
|b illustrations, maps.
|
| 336 |
|
|
|a text
|b txt
|2 rdacontent
|
| 337 |
|
|
|a computer
|b c
|2 rdamedia
|
| 338 |
|
|
|a online resource
|b cr
|2 rdacarrier
|
| 347 |
|
|
|a text file
|2 rdaft
|
| 347 |
|
|
|b EPUB
|
| 500 |
|
|
|a "Centro de Estudios de Asia y África."
|
| 504 |
|
|
|a Includes bibliographical references.
|
| 588 |
0 |
|
|a Online resource; title from ePub title page (Digitalia, viewed January 25, 2021)
|
| 650 |
|
0 |
|a Maji Maji Uprising, 1905-1907
|v Sources.
|
| 651 |
|
0 |
|a Germany
|x Colonies
|z Africa
|x History
|v Sources.
|
| 655 |
|
0 |
|a Electronic books.
|
| 791 |
2 |
|
|a Digitalia (Firm),
|e distributor.
|
| 793 |
0 |
|
|g Digitalia eBook Collection:
|a El Colegio de México
|
| 776 |
0 |
8 |
|i Print version:
|a Saavedra Casco, José Arturo.
|t Rebelión Maji Maji.
|b Primera edición.
|d México, D.F. : El Colegio de México, 2014
|z 9786074626612
|
| 856 |
4 |
0 |
|3 Digitalia Hispánica
|u https://www.digitaliapublishing.com/a/105611/
|
| 910 |
|
|
|a Premium collection: 2022
|